Normal view
MARC view
Entry Topical Term
001 - CONTROL NUMBER
- control field: 21155
003 - CONTROL NUMBER IDENTIFIER
- control field: dpl
005 - DATE AND TIME OF LATEST TRANSACTION
- control field: 20100922144017.0
008 - FIXED-LENGTH DATA ELEMENTS
- fixed length control field: 100922|||a|||||| | ||| d
040 ## - CATALOGING SOURCE
- Original cataloging agency: dpl
- Transcribing agency: dpl
150 ## - HEADING--TOPICAL TERM
- Topical term or geographic name as entry element: Criminal law |z India.
670 ## - SOURCE DATA FOUND
- Source citation: Work cat.: (dpl): Ranchhoddas,Ratanlal 21153, Ratanlal & Dhirajlal’s the Indian Penal Code (Act XLV of 1860), 2010
670 ## - SOURCE DATA FOUND
- Source citation: Work cat.: (dpl): Ranchhoddas,Ratanlal 21153, Ratanlal & Dhirajlal’s the Indian Penal Code (Act XLV of 1860), 2010
